[Event "49th Capablanca Mem Open I 2014"]
[Site "Havana CUB"]
[Date "2014.05.08"]
[Round "1.47"]
[White "Ordunez Echarte, Dennys"]
[Black "Castillo Coca, Mairebys"]
[Result "1/2-1/2"]
[WhiteTitle "FM"]
[BlackTitle "WFM"]
[WhiteElo "2341"]
[BlackElo "2121"]
[WhiteFideId "3512207"]
[BlackFideId "3511910"]
[EventDate "2014.04.08"]

1. e4 c5 2. Nf3 e6 3. b3 d6 4. Bb5+ Nd7 5. O-O a6 6. Bxd7+ Bxd7 7. d4 cxd4 8.
Qxd4 Qc7 9. Ba3 Nf6 10. Nbd2 Bc6 11. Rfe1 Rd8 12. c4 Be7 13. Rad1 O-O 14. h3
Rfe8 15. Nb1 h6 16. Nc3 Qa5 17. Bb2 Qh5 18. Rd2 Qg6 19. Qe3 Nh5 20. Kh2 f5 21.
Ba3 fxe4 22. Nxe4 e5 23. g3 Rf8 24. Nxe5 dxe5 25. Bxe7 Rxd2 26. Nxd2 Rf7 27. Bc5
Nf4 28. Ne4 Ne6 29. Bb6 Qh5 30. g4 Qg6 31. f3 Rf4 32. Nd2 Ng5 33. Rf1 Qd6 34.
Bc5 Qc7 35. Bb6 Qd6 36. Bc5 Qc7 37. Bb6 1/2-1/2

[Event "49th Capablanca Mem Open I 2014"]
[Site "Havana CUB"]
[Date "2014.05.08"]
[Round "1.48"]
[White "Fernandez Rivero, Karla July"]
[Black "Marrero Lopez, Yaniet"]
[Result "0-1"]
[WhiteTitle "WFM"]
[BlackTitle "WGM"]
[WhiteElo "2120"]
[BlackElo "2340"]
[WhiteFideId "3517489"]
[BlackFideId "3503950"]
[EventDate "2014.04.08"]

1. d4 Nf6 2. c4 e6 3. Nf3 Bb4+ 4. Bd2 a5 5. Nc3 b6 6. g3 Ba6 7. b3 O-O 8. Bg2
Bb7 9. O-O Re8 10. a3 Bf8 11. Qc2 d5 12. Bg5 h6 13. Bf4 c5 14. cxd5 exd5 15.
Rfd1 Na6 16. Bh3 Ne4 17. Nxe4 dxe4 18. dxc5 Qf6 19. Nd4 Bxc5 20. Be3 Rad8 21.
Qc4 Rd5 22. Nc2 Red8 23. Rxd5 Rxd5 24. b4 axb4 25. axb4 Nxb4 26. Rb1 Nxc2 27.
Qxc2 Bxe3 28. fxe3 Qd6 29. Qb3 b5 30. Rf1 Qc5 31. Bf5 Rxf5 0-1

[Event "49th Capablanca Mem Open I 2014"]
[Site "Havana CUB"]
[Date "2014.05.08"]
[Round "1.49"]
[White "Vigoa Apecheche, Yanira"]
[Black "Catala Matienzo, Ivette"]
[Result "1-0"]
[WhiteTitle "WGM"]
[BlackTitle "WFM"]
[WhiteElo "2337"]
[BlackElo "2118"]
[WhiteFideId "3507041"]
[BlackFideId "3506819"]
[EventDate "2014.04.08"]

1. d4 Nf6 2. Bg5 Ne4 3. Bf4 e6 4. f3 Nf6 5. e4 c5 6. Nc3 d5 7. exd5 Nxd5 8. Bb5+
Nc6 9. Nxd5 Qxd5 10. Ne2 cxd4 11. Nxd4 Bd7 12. Bxc6 Bxc6 13. Nxc6 Qxc6 14. O-O
Bc5+ 15. Kh1 O-O 16. Qe2 Bd4 17. c3 Bf6 18. a4 Rfd8 19. a5 Rd5 20. Qe4 Qd7 21.
a6 bxa6 22. c4 Bxb2 23. cxd5 exd5 24. Qa4 Qf5 25. Rab1 Bf6 26. Bg3 1-0

[Event "49th Capablanca Mem Open I 2014"]
[Site "Havana CUB"]
[Date "2014.05.08"]
[Round "1.50"]
[White "Cardenas Ballester, Maydelin"]
[Black "Martinez Ramirez, Lennis"]
[Result "0-1"]
[WhiteTitle "WFM"]
[BlackTitle "FM"]
[WhiteElo "2101"]
[BlackElo "2330"]
[WhiteFideId "3508242"]
[BlackFideId "3509079"]
[EventDate "2014.04.08"]

1. e4 d6 2. d4 Nf6 3. Nc3 g6 4. Be3 c6 5. f3 b5 6. Qd2 Bg7 7. Nge2 Nbd7 8. g4
Nb6 9. Ng3 h5 10. g5 Nfd7 11. h4 Bb7 12. f4 e6 13. f5 b4 14. Nd1 c5 15. fxe6
fxe6 16. c3 bxc3 17. bxc3 O-O 18. Be2 Rc8 19. Rc1 Qc7 20. Nf2 cxd4 21. cxd4
Qxc1+ 22. Qxc1 Rxc1+ 23. Bxc1 Bxd4 24. Nd3 Nc5 25. Nxc5 Bf2+ 26. Kf1 Bxc5+ 27.
Kg2 Rf2+ 28. Kh3 e5 29. Bxh5 gxh5 30. Nxh5 Bxe4 31. Re1 Bf5+ 32. Kg3 Nd5 33. Ba3
Rc2 34. Bxc5 Rxc5 35. Rb1 0-1

[Event "49th Capablanca Mem Open I 2014"]
[Site "Havana CUB"]
[Date "2014.05.08"]
[Round "1.51"]
[White "Morales Romero, Pedro"]
[Black "Romero Nunez, Wendy"]
[Result "1-0"]
[WhiteTitle "IM"]
[BlackTitle "WFM"]
[WhiteElo "2327"]
[BlackElo "2080"]
[WhiteFideId "3503798"]
[BlackFideId "3510174"]
[EventDate "2014.04.08"]

1. e4 c6 2. c4 d5 3. exd5 cxd5 4. d4 Nf6 5. Nc3 g6 6. Bg5 Nbd7 7. Nf3 Bg7 8. c5
O-O 9. Bd3 Re8 10. O-O h6 11. Bh4 Nf8 12. Bb5 Bd7 13. a4 Bc6 14. Re1 Qc8 15.
Bxc6 bxc6 16. b4 g5 17. Bg3 N6d7 18. Rc1 Ng6 19. b5 g4 20. bxc6 Qxc6 21. Nh4
Nxh4 22. Bxh4 e5 23. Nb5 exd4 24. Rxe8+ Rxe8 25. Nxa7 Qa6 26. Nb5 Rc8 27. Be7 d3
28. Bd6 d2 29. Qxd2 Qxa4 30. Nc7 d4 31. Nd5 Kh8 32. Qf4 Qa2 33. Qf5 Qa4 34. f3
Re8 35. c6 Ne5 36. c7 1-0

[Event "49th Capablanca Mem Open I 2014"]
[Site "Havana CUB"]
[Date "2014.05.08"]
[Round "1.54"]
[White "Sanchez Ones, Yeny"]
[Black "Arribas Robaina, Maritza"]
[Result "0-1"]
[WhiteTitle "WIM"]
[BlackTitle "WGM"]
[WhiteElo "2065"]
[BlackElo "2318"]
[WhiteFideId "3514099"]
[BlackFideId "3501418"]
[EventDate "2014.04.08"]

1. e4 e6 2. d4 d5 3. Nd2 Nc6 4. Ngf3 Nf6 5. e5 Nd7 6. c3 f6 7. exf6 Qxf6 8. Be2
Bd6 9. Nf1 O-O 10. Ng3 Qf7 11. O-O h6 12. Qc2 e5 13. dxe5 Ndxe5 14. Nxe5 Nxe5
15. h3 Bd7 16. Be3 Nc4 17. Bxc4 dxc4 18. Ne4 Qg6 19. f3 Bxh3 20. Qe2 Rae8 21.
Qxc4+ Kh8 22. Qe2 Re6 23. Rf2 Rfe8 24. Re1 Be7 25. Kh1 Bf5 26. Qc4 Bxe4 27. fxe4
Bh4 28. Qxc7 Rxe4 0-1

[Event "49th Capablanca Mem Open I 2014"]
[Site "Havana CUB"]
[Date "2014.05.08"]
[Round "1.55"]
[White "Davila, Carlos"]
[Black "Zayas Gonzalez, Laura Amalia"]
[Result "1-0"]
[WhiteTitle "IM"]
[BlackTitle "WFM"]
[WhiteElo "2313"]
[BlackElo "2065"]
[WhiteFideId "6100040"]
[BlackFideId "3517004"]
[EventDate "2014.04.08"]

1. d4 Nf6 2. g3 g6 3. Bg2 Bg7 4. e4 d6 5. Nc3 Nbd7 6. Nge2 e5 7. O-O O-O 8. d5
Re8 9. h3 Qe7 10. a4 a5 11. Bg5 h6 12. Be3 Nc5 13. Qd2 Kh7 14. f3 c6 15. Rfd1
cxd5 16. Nxd5 Nxd5 17. Qxd5 Ra6 18. Nc3 Be6 19. Qd2 Bf8 20. Bf1 Raa8 21. Nd5
Bxd5 22. Qxd5 Qf6 23. Kg2 Ne6 24. c3 Ng5 25. Be2 Qe6 26. Qxe6 fxe6 27. Bb5 Rec8
28. h4 Nf7 29. Bd7 Rc7 30. Bxe6 Nd8 31. Bd5 Nc6 32. Ra3 1-0

[Event "49th Capablanca Mem Open I 2014"]
[Site "Havana CUB"]
[Date "2014.05.08"]
[Round "1.56"]
[White "Rodriguez Dominguez, Melissa"]
[Black "Pina Vega, Sulennis"]
[Result "0-1"]
[BlackTitle "WGM"]
[WhiteElo "1996"]
[BlackElo "2313"]
[WhiteFideId "3517560"]
[BlackFideId "3503151"]
[EventDate "2014.04.08"]

1. e4 c5 2. Nf3 Nc6 3. d3 d6 4. g3 e5 5. Bg2 g6 6. O-O Bg7 7. c4 Nge7 8. Nc3 O-O
9. Nh4 Nd4 10. f4 exf4 11. Bxf4 Nec6 12. Qd2 Ne5 13. Nf3 Ndxf3+ 14. Bxf3 Be6 15.
Rac1 a6 16. b3 Rb8 17. Be3 b5 18. cxb5 axb5 19. d4 cxd4 20. Bxd4 b4 21. Ne2 Re8
22. Nf4 Qa5 23. Be2 Qa8 24. Nxe6 fxe6 25. Bxe5 Bxe5 26. Bd3 Rb7 27. Bc4 Ra7 28.
Qf2 Rxa2 29. Qf3 Ra7 30. Rc2 Rae7 0-1

[Event "49th Capablanca Mem Open I 2014"]
[Site "Havana CUB"]
[Date "2014.05.09"]
[Round "2.1"]
[White "Gomez Fontal, Felix Manuel"]
[Black "Obregon Rivero, Juan Carlos"]
[Result "0-1"]
[WhiteTitle "IM"]
[BlackTitle "IM"]
[WhiteElo "2353"]
[BlackElo "2509"]
[WhiteFideId "3500357"]
[BlackFideId "3507815"]
[EventDate "2014.04.08"]

1. d4 Nf6 2. Nf3 g6 3. c4 Bg7 4. Nc3 O-O 5. e4 d6 6. h3 e5 7. dxe5 dxe5 8. Qxd8
Rxd8 9. Bg5 c6 10. Nxe5 Re8 11. O-O-O h6 12. Bh4 Na6 13. Nf3 Nc5 14. e5 Nfd7 15.
Bg3 Nxe5 16. Nxe5 Bxe5 17. Bxe5 Rxe5 18. Rd8+ Kg7 19. Be2 Re7 20. Bf3 Ne6 21.
Re1 Nxd8 22. Rxe7 Be6 23. b3 Rc8 24. Re8 f5 25. g4 Bf7 26. Re3 Kf6 27. gxf5 gxf5
28. Rd3 Ne6 29. Rd7 Nc5 30. Rd6+ Be6 31. h4 Nd7 32. Kd2 Ne5 33. Be2 Rg8 34. Nd5+
cxd5 35. cxd5 Re8 36. f4 Nf7 37. Rxe6+ Rxe6 38. dxe6 0-1

[Event "49th Capablanca Mem Open I 2014"]
[Site "Havana CUB"]
[Date "2014.05.09"]
[Round "2.2"]
[White "Gomez Garrido, Camilo Ernesto"]
[Black "Ruiz C, Joshua D"]
[Result "0-1"]
[WhiteTitle "IM"]
[BlackTitle "IM"]
[WhiteElo "2499"]
[BlackElo "2362"]
[WhiteFideId "3507904"]
[BlackFideId "4400704"]
[EventDate "2014.04.08"]

1. e4 c5 2. Nf3 d6 3. d4 cxd4 4. Nxd4 Nf6 5. Nc3 a6 6. Qf3 g6 7. h3 Bg7 8. Be3
Qc7 9. g4 Nc6 10. O-O-O Be6 11. Qg2 Rc8 12. f4 b5 13. f5 Bd7 14. g5 Nh5 15. Kb1
Nxd4 16. Bxd4 Bxd4 17. Rxd4 gxf5 18. Be2 Nf4 19. Qh2 e5 20. Rd2 b4 21. Nd5 Nxd5
22. exd5 Qa5 23. Rhd1 Qb6 24. Qg3 a5 25. Qh4 Qd8 26. Qh6 Qe7 27. Bh5 Kd8 28. h4
Rc4 29. Be2 Rc5 30. Qg7 Qf8 31. Qf6+ Kc7 32. Bh5 Rc4 33. Rh2 h6 34. b3 Rc3 35.
Rdd2 Qd8 36. Qxd8+ Kxd8 37. Bxf7 Ke7 38. g6 Rg3 39. Rhg2 Rxg2 40. Rxg2 Rc8 41.
a3 f4 42. axb4 axb4 43. h5 f3 44. Rf2 e4 45. Kc1 Bg4 46. Be6 Bxe6 47. dxe6 Kxe6
48. Kd1 Kf5 49. Rd2 e3 50. Rd5+ Ke4 51. Rxd6 f2 52. Rf6 Rd8+ 53. Ke2 Rd2+ 54.
Kf1 Rd1+ 55. Kg2 Rg1+ 56. Kh2 Rg5 57. Re6+ Kf5 58. Re8 e2 0-1

[Event "49th Capablanca Mem Open I 2014"]
[Site "Havana CUB"]
[Date "2014.05.09"]
[Round "2.4"]
[White "Marrero Lopez, Yaniet"]
[Black "Gonzalez Acosta, Bernal"]
[Result "0-1"]
[WhiteTitle "WGM"]
[BlackTitle "IM"]
[WhiteElo "2340"]
[BlackElo "2482"]
[WhiteFideId "3503950"]
[BlackFideId "6500170"]
[EventDate "2014.04.08"]

1. e4 c5 2. Nf3 d6 3. d4 cxd4 4. Nxd4 Nf6 5. Nc3 g6 6. Be3 Bg7 7. h3 Nc6 8. Bc4
O-O 9. Bb3 Na5 10. O-O b6 11. Re1 Bb7 12. Bg5 a6 13. Nd5 e6 14. Nxf6+ Bxf6 15.
Bxf6 Qxf6 16. Qd2 Rfd8 17. Rad1 e5 18. Nf3 Nxb3 19. axb3 d5 20. exd5 Bxd5 21.
Nxe5 Bxg2 22. Ng4 Qh4 23. Qc3 Rxd1 24. Rxd1 Qxh3 25. Nf6+ Kh8 26. Nd7+ Qxc3 27.
bxc3 Be4 28. Nxb6 Rb8 29. Nd7 Rd8 30. Re1 Bxc2 31. Nc5 Rc8 32. Rc1 Rxc5 33. Rxc2
a5 34. c4 Kg7 35. Rd2 h5 36. Rd6 a4 37. bxa4 Rxc4 38. a5 Ra4 39. a6 Kh6 40. Rf6
Kg7 41. Rb6 g5 42. Kg2 Ra2 43. Kg3 Ra3+ 44. Kg2 g4 45. Rc6 f6 46. Rc7+ Kg6 47.
a7 h4 48. Rb7 Ra2 49. Rc7 Kg5 50. Rb7 f5 51. Rc7 h3+ 52. Kg1 Ra1+ 53. Kh2 Kf4
54. Rf7 Ra2 55. Kg1 Ke4 56. Re7+ Kf3 57. Re5 Kf4 58. Re7 Ra1+ 59. Kh2 Kf3 60.
Rf7 f4 61. Rg7 Ra2 62. Kg1 g3 63. fxg3 fxg3 64. Rf7+ Ke4 65. Re7+ Kf5 66. Re1
Rxa7 67. Rb1 Ra4 68. Kf1 Kg4 69. Rb8 Ra1+ 0-1

[Event "49th Capablanca Mem Open I 2014"]
[Site "Havana CUB"]
[Date "2014.05.09"]
[Round "2.5"]
[White "Zaragatski, Ilja"]
[Black "Perez Garcia, Rodney Oscar"]
[Result "1/2-1/2"]
[WhiteTitle "GM"]
[BlackTitle "IM"]
[WhiteElo "2480"]
[BlackElo "2355"]
[WhiteFideId "4655192"]
[BlackFideId "3500918"]
[EventDate "2014.04.08"]

1. Nf3 d5 2. g3 Nf6 3. Bg2 e6 4. d4 Be7 5. c4 O-O 6. Qc2 c5 7. O-O cxd4 8. Nxd4
e5 9. Nf5 d4 10. Nxe7+ Qxe7 11. b4 Be6 12. b5 Rc8 13. Ba3 Qc7 14. Nd2 Nbd7 15.
Rfc1 a6 16. bxa6 Rxa6 17. Bb4 Bd5 18. Bxd5 Nxd5 19. a3 Rc6 20. Qf5 b5 21. c5
Nxc5 22. Bxc5 g6 23. Qg5 f6 24. Qh4 Rxc5 25. Rxc5 Qxc5 26. Ne4 Qc6 27. Rb1 Kg7
28. Kf1 Nc3 29. Rc1 Ra8 30. f3 Rxa3 31. g4 Qa6 32. g5 fxg5 33. Qxg5 Qe6 34. Qh4
h6 35. Qd8 g5 36. Qc7+ Kg6 37. Nxc3 Rxc3 38. Rxc3 dxc3 39. Qxc3 Qd5 40. Qc2+ Kg7
41. Qc7+ Kg6 42. Qc2+ Kf6 43. Qh7 Qd1+ 44. Kf2 Qd4+ 45. Kg2 b4 46. Qxh6+ Kf7 47.
Qxg5 b3 48. Qf5+ Ke7 49. h4 b2 50. Qc2 Qb4 51. Qc7+ Ke6 52. Qc6+ Kf7 53. Qd7+
Kf6 54. Qc6+ Kg7 55. Qd7+ Kg8 56. Qd5+ Kg7 57. Qd7+ Kf8 58. Qd8+ Kf7 59. Qd7+
Kg8 60. Qd5+ Kg7 1/2-1/2

[Event "49th Capablanca Mem Open I 2014"]
[Site "Havana CUB"]
[Date "2014.05.09"]
[Round "2.7"]
[White "Alonso Bouza, Julio Javier"]
[Black "Jimenez Fraga, Pedro Alejandro"]
[Result "0-1"]
[WhiteTitle "FM"]
[BlackTitle "IM"]
[WhiteElo "2327"]
[BlackElo "2463"]
[WhiteFideId "3508889"]
[BlackFideId "3508188"]
[EventDate "2014.04.08"]

1. e4 c5 2. Nf3 Nc6 3. d4 cxd4 4. Nxd4 Qb6 5. Nb3 Nf6 6. Nc3 e6 7. Qe2 d6 8. g4
a6 9. g5 Nd7 10. f4 Qc7 11. a4 g6 12. h4 Bg7 13. Bg2 b6 14. O-O Nd4 15. Qf2 Nxb3
16. cxb3 Bb7 17. Be3 O-O 18. Rac1 Nc5 19. Rfd1 Nxb3 20. Nd5 Qb8 21. Nxb6 Nxc1
22. Rxc1 Qd8 23. Nxa8 Qxa8 24. Bd4 e5 25. fxe5 Bxe4 26. Rc7 Bxg2 27. Qxg2 Qd8
28. Qc6 dxe5 29. Rd7 Qc8 30. Qxc8 Rxc8 31. Bb6 e4 32. b4 h6 33. Rd8+ Rxd8 34.
Bxd8 Bd4+ 35. Kf1 hxg5 36. hxg5 Kf8 37. b5 axb5 38. axb5 Ke8 39. Bc7 Be3 40. Be5
Kd7 41. Bf6 Kc7 42. Ke2 Bf4 43. Bd4 Bxg5 44. Kf2 Bf4 45. Kg2 f5 46. Kf2 g5 47.
Ke2 g4 48. Kf1 Kb7 49. Ke2 Bc7 50. Kf1 f4 51. Bc5 f3 0-1

[Event "49th Capablanca Mem Open I 2014"]
[Site "Havana CUB"]
[Date "2014.05.09"]
[Round "2.8"]
[White "Baerwinkel, Tobias"]
[Black "Ortega Amarelle, Mariano"]
[Result "1/2-1/2"]
[BlackTitle "IM"]
[WhiteElo "2322"]
[BlackElo "2457"]
[WhiteFideId "4637429"]
[BlackFideId "3504301"]
[EventDate "2014.04.08"]

1. Nf3 Nf6 2. c4 c5 3. b3 Nc6 4. Bb2 e6 5. g3 Be7 6. Bg2 O-O 7. O-O d6 8. d4
cxd4 9. Nxd4 Bd7 10. Nc3 a6 11. Rc1 Rb8 12. Nxc6 Bxc6 13. Bxc6 bxc6 14. c5 d5
15. Na4 Nd7 16. e4 Bf6 17. exd5 exd5 18. Re1 Bxb2 19. Nxb2 Qf6 20. Qe2 Rb4 21.
Qe7 Qxe7 22. Rxe7 Rd8 23. Rce1 Kf8 24. Na4 Rb5 25. Kf1 a5 26. h4 h5 27. Nb6 Nxc5
28. Na4 Nxa4 29. bxa4 Rc5 30. Rc7 Re8 31. Rb1 d4 32. Rd7 g6 33. Rbb7 Rf5 34.
Rxd4 Re3 35. Rb3 Ree5 36. Rc4 Rc5 37. Rbc3 Rxc4 38. Rxc4 c5 39. Re4 Rd5 40. Ke2
Kg7 41. Re7 Rd4 42. Rc7 Rxa4 43. Rxc5 Rxa2+ 44. Kf3 a4 45. Ra5 a3 46. Ra6 Kf8
47. Ra7 Ke8 48. Kg2 f6 49. Kf1 Kd8 50. Kg2 g5 51. g4 Ke8 52. gxh5 Kf8 53. h6 Kg8
54. Kg3 gxh4+ 55. Kxh4 Rxf2 56. Rxa3 Kh7 57. Kg3 Rf5 58. Rf3 Rg5+ 59. Kf2 Rg6
60. Rh3 Rxh6 61. Rxh6+ Kxh6 62. Kf3 1/2-1/2

[Event "49th Capablanca Mem Open I 2014"]
[Site "Havana CUB"]
[Date "2014.05.09"]
[Round "2.9"]
[White "Arribas Robaina, Maritza"]
[Black "Fernandez Cardoso, Alexey"]
[Result "0-1"]
[WhiteTitle "WGM"]
[BlackTitle "IM"]
[WhiteElo "2318"]
[BlackElo "2450"]
[WhiteFideId "3501418"]
[BlackFideId "3504379"]
[EventDate "2014.04.08"]

1. e4 c5 2. Nf3 e6 3. d4 cxd4 4. Nxd4 a6 5. Nc3 d6 6. Bd3 Nf6 7. O-O Nbd7 8. a4
b6 9. Qe2 Qc7 10. f4 Bb7 11. Kh1 g6 12. Bd2 Bg7 13. Rae1 O-O 14. Nf3 Nc5 15. b4
Ncd7 16. Nd1 d5 17. e5 Ne4 18. Bxe4 dxe4 19. Nd4 Rfd8 20. c3 Nb8 21. Nf2 Nc6 22.
Nxe4 Nxd4 23. cxd4 Rxd4 24. Nd6 Bc6 25. Rc1 Rxd6 26. exd6 Qxd6 27. b5 axb5 28.
axb5 Bd5 29. Bc3 Ra2 30. Bd2 h5 31. h3 Bxg2+ 32. Qxg2 Rxd2 33. Qf3 Qb4 34. Rb1
Qa4 35. Rf2 Rxf2 0-1

[Event "49th Capablanca Mem Open I 2014"]
[Site "Havana CUB"]
[Date "2014.05.09"]
[Round "2.10"]
[White "Quesada Vera, Liordis"]
[Black "Vigoa Apecheche, Yanira"]
[Result "1-0"]
[WhiteTitle "FM"]
[BlackTitle "WGM"]
[WhiteElo "2440"]
[BlackElo "2337"]
[WhiteFideId "3507009"]
[BlackFideId "3507041"]
[EventDate "2014.04.08"]

1. c4 Nf6 2. g3 g6 3. Bg2 Bg7 4. Nf3 O-O 5. O-O c5 6. Nc3 Nc6 7. d4 cxd4 8. Nxd4
Qa5 9. Nb3 Qh5 10. Nd5 Nxd5 11. cxd5 Ne5 12. f4 Nc4 13. Bf3 Qh3 14. Bg2 Qh5 15.
Bf3 Qh3 16. Qc2 Nb6 17. a4 d6 18. a5 Nd7 19. Bg2 Qh5 20. h3 Nf6 21. g4 Bxg4 22.
hxg4 Nxg4 23. Rf3 Qh2+ 24. Kf1 Qh4 25. Be3 Nh2+ 26. Kg1 Nxf3+ 27. Bxf3 Qg3+ 28.
Kf1 h6 29. Qd2 b6 30. Nd4 bxa5 31. Nc6 Rae8 32. Rxa5 e6 33. Bf2 Qh2 34. dxe6
fxe6 35. Qxd6 Qxf4 36. Qxf4 Rxf4 37. Rxa7 Bxb2 38. Ne7+ Kg7 39. Nf5+ Kh8 40.
Nxh6 Ref8 41. Kg2 Bg7 42. Rxg7 Kxg7 43. Ng4 Ra4 44. Be3 Rf5 45. Kg3 Kf8 46. Bh6+
Kf7 47. Bc1 Rb5 48. Nf2 Ra1 49. Nd3 Rb3 50. Bf4 Raa3 51. Ne5+ Kg7 52. Ng4 Rb5
53. Be5+ Rxe5 54. Nxe5 Kf6 55. Nd3 Kg5 56. Nc5 Kf6 57. Kf4 Ra5 58. Ne4+ Ke7 59.
Bg4 Rb5 60. Ng5 e5+ 61. Kg3 Rb4 62. Bf3 Kf6 63. Ne4+ Kf5 64. Nc5 e4 65. Bg2 Ke5
66. Nd7+ Kd4 67. Nf6 Rb3+ 68. Kf2 e3+ 69. Kg3 Rb5 70. Ng4 Rf5 71. Bb7 Ra5 72.
Bf3 Rf5 73. Nh6 Rf8 74. Ng4 Rf5 75. Nh2 Rg5+ 76. Kh4 Ra5 77. Kg3 Rg5+ 78. Bg4
Ra5 79. Nf3+ Ke4 80. Ne1 Ra2 81. Bf3+ Kf5 82. Ng2 Ra3 83. Bc6 g5 84. Bd7+ Ke5
85. Kg4 Ra7 86. Bf5 Kd4 87. Kxg5 Rg7+ 88. Bg6 Kc3 89. Kf6 Ra7 90. Ke5 Kd2 91.
Bd3 Ra4 92. Nf4 Rb4 93. Nd5 Rh4 94. Nf6 Rh2 95. Ne4+ Ke1 96. Nc3 Kd2 97. Kd4
Rh4+ 98. Ne4+ Kc1 99. Kxe3 Kb2 100. Kd4 Kb3 101. Bb5 Kb4 102. Bc6 Ka5 103. Kc5
Rh2 104. Nc3 Rh3 105. Bf3 Ka6 106. Nd5 Rh6 107. e4 Kb7 108. e5 Kc8 109. Nf6 Kd8
110. Kd6 Rg6 111. Bh5 Rh6 112. Ke6 Rh8 113. Kf7 Kc7 114. e6 Rb8 115. e7 Kd6 116.
Bg4 Ra8 117. Nd7 Kc7 118. Bf5 Kd6 119. Be4 Rg8 120. Nc5 Rg7+ 121. Kxg7 Kxe7 122.
Nd3 Ke6 123. Kg6 Ke7 124. Bd5 Kd6 125. Bb3 Ke7 126. Kg7 Kd6 127. Kf8 Kd7 128.
Bf7 Kc6 129. Ke7 Kb5 130. Bb3 Kc6 131. Bc4 Kc7 132. Bb5 Kc8 133. Kd6 Kb7 134.
Kd7 Kb6 135. Bc6 Ka6 136. Kc7 Ka5 137. Bd7 Ka6 138. Kc6 Ka5 139. Kc5 Ka6 140.
Nb4+ Ka5 141. Nd5 Ka6 142. Kb4 Ka7 143. Bc8 Kb8 144. Ba6 Ka7 145. Kb5 Kb8 146.
Kb6 Ka8 147. Nc7+ 1-0

[Event "49th Capablanca Mem Open I 2014"]
[Site "Havana CUB"]
[Date "2014.05.09"]
[Round "2.11"]
[White "Pina Vega, Sulennis"]
[Black "Miranda Mesa, Elier"]
[Result "1/2-1/2"]
[WhiteTitle "WGM"]
[BlackTitle "FM"]
[WhiteElo "2313"]
[BlackElo "2439"]
[WhiteFideId "3503151"]
[BlackFideId "3510697"]
[EventDate "2014.04.08"]

1. e4 c5 2. Nf3 e6 3. d4 cxd4 4. Nxd4 a6 5. c4 Nf6 6. Nc3 Qc7 7. Be2 Bb4 8. Qd3
Nc6 9. Nxc6 dxc6 10. O-O O-O 11. f4 Bxc3 12. bxc3 e5 13. f5 Rd8 14. Qe3 c5 15.
g4 Bd7 16. g5 Ne8 17. Qg3 Bc6 18. Qh4 Nd6 19. Bf3 Nxc4 20. f6 Nd2 21. Bxd2 Rxd2
22. fxg7 Bd7 1/2-1/2

[Event "49th Capablanca Mem Open I 2014"]
[Site "Havana CUB"]
[Date "2014.05.09"]
[Round "2.12"]
[White "Oliva Castaneda, Kevel"]
[Black "Morales Romero, Pedro"]
[Result "1-0"]
[WhiteTitle "FM"]
[BlackTitle "IM"]
[WhiteElo "2428"]
[BlackElo "2327"]
[WhiteFideId "3500799"]
[BlackFideId "3503798"]
[EventDate "2014.04.08"]

1. Nf3 d5 2. c4 e6 3. g3 Nf6 4. Bg2 Be7 5. O-O O-O 6. d4 c6 7. Qc2 Nbd7 8. Nbd2
b6 9. e4 dxc4 10. Nxc4 Ba6 11. Nfd2 Rc8 12. Rd1 Re8 13. a4 c5 14. d5 exd5 15.
exd5 Bf8 16. b3 Bb7 17. Nf1 a6 18. Bb2 b5 19. axb5 axb5 20. Na5 Ba8 21. Ne3 Qb6
22. Nc6 Bxc6 23. dxc6 Ne5 24. Qf5 Qc7 25. g4 h6 26. h4 h5 27. g5 Nfg4 28. Nxg4
Nxg4 29. Rd7 Qh2+ 30. Kf1 1-0

[Event "49th Capablanca Mem Open I 2014"]
[Site "Havana CUB"]
[Date "2014.05.09"]
[Round "2.13"]
[White "Barros Rivadeneira, Cristhian"]
[Black "Borges Feria, Yasel"]
[Result "1/2-1/2"]
[WhiteTitle "IM"]
[BlackTitle "FM"]
[WhiteElo "2273"]
[BlackElo "2427"]
[WhiteFideId "3609677"]
[BlackFideId "3504921"]
[EventDate "2014.04.08"]

1. e4 c5 2. Nf3 e6 3. d4 cxd4 4. Nxd4 a6 5. Bd3 Nf6 6. O-O e5 7. Nb3 Be7 8. Nc3
d6 9. f4 O-O 10. Qf3 exf4 11. Bxf4 Nc6 12. Nd5 Ne5 13. Nxe7+ Qxe7 14. Qe2 h6 15.
Nd4 Ng6 16. Bg3 Bg4 17. Qe3 Nh5 18. Bf2 Ngf4 19. Rae1 Qg5 20. Bg3 Nxd3 21. Qxd3
Nxg3 22. Qxg3 Qe5 23. Qd3 Rae8 24. c3 d5 25. exd5 Qxd5 26. a3 Bd7 27. Qf3 Qxf3
28. Nxf3 Bb5 29. Rxe8 Rxe8 30. Re1 Rxe1+ 31. Nxe1 f5 32. Kf2 Kf7 33. Ke3 g5 34.
g3 Kg6 35. Nf3 Kf6 36. Kd4 Be2 37. Ne5 Ke6 38. a4 Bf1 39. a5 Bg2 40. b4 Bf1 1/2-1/2

[Event "49th Capablanca Mem Open I 2014"]
[Site "Havana CUB"]
[Date "2014.05.09"]
[Round "2.14"]
[White "Soto Hernandez, Henry"]
[Black "Davila, Carlos"]
[Result "1/2-1/2"]
[WhiteTitle "FM"]
[BlackTitle "IM"]
[WhiteElo "2421"]
[BlackElo "2313"]
[WhiteFideId "3507475"]
[BlackFideId "6100040"]
[EventDate "2014.04.08"]

1. d4 Nf6 2. Nf3 d6 3. g3 g6 4. Bg2 Bg7 5. O-O O-O 6. c4 Nc6 7. Nc3 Bf5 8. d5
Na5 9. Nd2 c5 10. e4 Bd7 11. Qc2 a6 12. b3 b5 13. Bb2 bxc4 14. bxc4 Rb8 15. Rab1
e5 16. Ne2 Qc7 17. Bc3 Ng4 18. h3 Nh6 19. Rxb8 Rxb8 20. Rb1 Rxb1+ 21. Qxb1 f6
22. Qb2 Nb7 23. Kh2 Nf7 24. h4 h5 25. Nb3 Kh7 26. Qa3 Qb6 27. Bh3 Be8 28. Ba5
Nxa5 29. Qxa5 Qb7 30. Nec1 Bf8 31. Nd3 Be7 32. Qd2 Qb6 33. Qa5 1/2-1/2

[Event "49th Capablanca Mem Open I 2014"]
[Site "Havana CUB"]
[Date "2014.05.09"]
[Round "2.15"]
[White "Hernandez Moya, Yuleisy"]
[Black "Leyva Rivera, Yunier"]
[Result "1/2-1/2"]
[WhiteTitle "WIM"]
[BlackTitle "FM"]
[WhiteElo "2222"]
[BlackElo "2417"]
[WhiteFideId "3511685"]
[BlackFideId "3505065"]
[EventDate "2014.04.08"]

1. e4 e5 2. Nf3 Nc6 3. Bb5 a6 4. Ba4 Nf6 5. O-O Be7 6. Re1 b5 7. Bb3 O-O 8. c3
d5 9. exd5 Nxd5 10. Nxe5 Nxe5 11. Rxe5 c6 12. d4 Bd6 13. Re1 Qh4 14. g3 Qh3 15.
Bxd5 cxd5 16. Qf3 Qf5 17. Qxf5 Bxf5 18. Be3 b4 19. cxb4 1/2-1/2